00698 2200253 4500001002100000005001700021008004100038020002200079035002400101041000800125043001300133082000800146090001900154100000900173245008700182250001000269260002700279300003100306650003600337700001900373700001800392850001200410999002200422YOGYA-0711000000083720110718083231.0 ind  a978-979-29-1868-7 0010-071100000000837 aInd aYOPD DIY a249 aDEP 249bMar S aMARK aThe seven desires of every heartcMark & Debra Laaser ; penerjemah, Dwi Prabantini aCet 1 aYogyakartabAndic2010 axvii, 214 hlmbilusc23 cm aIbadah (Kristen) dalam keluarga aDwi Prabantini aLaaser, Debra aYOPDYOG aCB-D.11 2010-1777